000 00338 a2200157 4500
001 69798
020 _a857406260X
040 _cAnchieta - Itaigara
100 _aMachado, Ana Maria
240 1 0 _aPonto a ponto
_lpor
245 1 0 _aPonto a ponto
300 _a48
362 0 _a2006
650 4 _aLiteratura infanto-juvenil
942 _cBK
999 _c69798
_d69798